000 00255nam a22001097a 4500
008 170117b xxu||||| |||| 00| 0 eng d
020 _a0070291128
041 _aeng
080 _a618.2
245 _aEXAMINATION OF THE PATIENT
_cHOBSON, L.B
942 _2udc
_cBK
999 _c2978
_d2978